<?xml version="1.0" encoding="UTF-8"?>
<record
    xmlns:xsi="http://www.w3.org/2001/XMLSchema-instance"
    xsi:schemaLocation="http://www.loc.gov/MARC21/slim http://www.loc.gov/standards/marcxml/schema/MARC21slim.xsd"
    xmlns="http://www.loc.gov/MARC21/slim">

  <leader>00369nam a2200145Ia 4500</leader>
  <controlfield tag="008">230917s9999||||xx |||||||||||||| ||und||</controlfield>
  <datafield tag="040" ind1=" " ind2=" ">
    <subfield code="e">214504</subfield>
    <subfield code="a">MAIN</subfield>
  </datafield>
  <datafield tag="041" ind1=" " ind2=" ">
    <subfield code="a">English</subfield>
  </datafield>
  <datafield tag="082" ind1=" " ind2=" ">
    <subfield code="a">660.602458 F262P</subfield>
  </datafield>
  <datafield tag="100" ind1=" " ind2=" ">
    <subfield code="a">Fasella, Paolo</subfield>
  </datafield>
  <datafield tag="245" ind1=" " ind2="0">
    <subfield code="a">Plant biotechnology</subfield>
  </datafield>
  <datafield tag="260" ind1=" " ind2=" ">
    <subfield code="a">New Delhi</subfield>
    <subfield code="b">Scientific International</subfield>
    <subfield code="c">2014</subfield>
  </datafield>
  <datafield tag="300" ind1=" " ind2=" ">
    <subfield code="a">xxiv, 499 p.</subfield>
  </datafield>
  <datafield tag="942" ind1=" " ind2=" ">
    <subfield code="c">BK</subfield>
  </datafield>
  <datafield tag="952" ind1=" " ind2=" ">
    <subfield code="0">0</subfield>
    <subfield code="1">0</subfield>
    <subfield code="4">0</subfield>
    <subfield code="6">660_602458000000000_F262P</subfield>
    <subfield code="7">0</subfield>
    <subfield code="9">281772</subfield>
    <subfield code="a">MAIN</subfield>
    <subfield code="b">MAIN</subfield>
    <subfield code="d">2015-02-19</subfield>
    <subfield code="l">1</subfield>
    <subfield code="o">660.602458 F262P</subfield>
    <subfield code="p">309235</subfield>
    <subfield code="r">2024-02-26 10:54:11</subfield>
    <subfield code="s">2024-02-10</subfield>
    <subfield code="w">2023-09-17</subfield>
    <subfield code="y">BK</subfield>
  </datafield>
  <datafield tag="952" ind1=" " ind2=" ">
    <subfield code="0">0</subfield>
    <subfield code="1">0</subfield>
    <subfield code="4">0</subfield>
    <subfield code="6">660_602458000000000_F262P</subfield>
    <subfield code="7">0</subfield>
    <subfield code="9">281773</subfield>
    <subfield code="a">MAIN</subfield>
    <subfield code="b">MAIN</subfield>
    <subfield code="d">2015-02-19</subfield>
    <subfield code="l">0</subfield>
    <subfield code="o">660.602458 F262P</subfield>
    <subfield code="p">335630</subfield>
    <subfield code="r">2023-09-17 21:45:09</subfield>
    <subfield code="w">2023-09-17</subfield>
    <subfield code="y">BK</subfield>
  </datafield>
  <datafield tag="952" ind1=" " ind2=" ">
    <subfield code="0">0</subfield>
    <subfield code="1">0</subfield>
    <subfield code="4">0</subfield>
    <subfield code="6">660_602458000000000_F262P</subfield>
    <subfield code="7">0</subfield>
    <subfield code="9">281774</subfield>
    <subfield code="a">MAIN</subfield>
    <subfield code="b">MAIN</subfield>
    <subfield code="c">UIET</subfield>
    <subfield code="d">2015-02-19</subfield>
    <subfield code="l">0</subfield>
    <subfield code="o">660.602458 F262P</subfield>
    <subfield code="p">339627</subfield>
    <subfield code="r">2023-09-17 21:45:09</subfield>
    <subfield code="w">2023-09-17</subfield>
    <subfield code="y">BK</subfield>
  </datafield>
  <datafield tag="952" ind1=" " ind2=" ">
    <subfield code="0">0</subfield>
    <subfield code="1">0</subfield>
    <subfield code="4">0</subfield>
    <subfield code="6">660_602458000000000_F262P</subfield>
    <subfield code="7">0</subfield>
    <subfield code="9">281775</subfield>
    <subfield code="a">MAIN</subfield>
    <subfield code="b">MAIN</subfield>
    <subfield code="c">UIET</subfield>
    <subfield code="d">2015-02-19</subfield>
    <subfield code="l">0</subfield>
    <subfield code="o">660.602458 F262P</subfield>
    <subfield code="p">339628</subfield>
    <subfield code="r">2023-09-17 21:45:09</subfield>
    <subfield code="w">2023-09-17</subfield>
    <subfield code="y">BK</subfield>
  </datafield>
  <datafield tag="952" ind1=" " ind2=" ">
    <subfield code="0">0</subfield>
    <subfield code="1">0</subfield>
    <subfield code="4">0</subfield>
    <subfield code="6">660_602458000000000_F262P</subfield>
    <subfield code="7">0</subfield>
    <subfield code="9">281776</subfield>
    <subfield code="a">MAIN</subfield>
    <subfield code="b">MAIN</subfield>
    <subfield code="c">UIET</subfield>
    <subfield code="d">2015-02-19</subfield>
    <subfield code="l">0</subfield>
    <subfield code="o">660.602458 F262P</subfield>
    <subfield code="p">339629</subfield>
    <subfield code="r">2023-09-17 21:45:09</subfield>
    <subfield code="w">2023-09-17</subfield>
    <subfield code="y">BK</subfield>
  </datafield>
  <datafield tag="952" ind1=" " ind2=" ">
    <subfield code="0">0</subfield>
    <subfield code="1">0</subfield>
    <subfield code="4">0</subfield>
    <subfield code="6">660_602458000000000_F262P</subfield>
    <subfield code="7">0</subfield>
    <subfield code="9">281777</subfield>
    <subfield code="a">MAIN</subfield>
    <subfield code="b">MAIN</subfield>
    <subfield code="c">UIET</subfield>
    <subfield code="d">2015-02-19</subfield>
    <subfield code="l">0</subfield>
    <subfield code="o">660.602458 F262P</subfield>
    <subfield code="p">339630</subfield>
    <subfield code="r">2023-09-17 21:45:09</subfield>
    <subfield code="w">2023-09-17</subfield>
    <subfield code="y">BK</subfield>
  </datafield>
  <datafield tag="952" ind1=" " ind2=" ">
    <subfield code="0">0</subfield>
    <subfield code="1">0</subfield>
    <subfield code="4">0</subfield>
    <subfield code="6">660_602458000000000_F262P</subfield>
    <subfield code="7">0</subfield>
    <subfield code="9">281778</subfield>
    <subfield code="a">MAIN</subfield>
    <subfield code="b">MAIN</subfield>
    <subfield code="c">UIET</subfield>
    <subfield code="d">2015-02-19</subfield>
    <subfield code="l">0</subfield>
    <subfield code="o">660.602458 F262P</subfield>
    <subfield code="p">339631</subfield>
    <subfield code="r">2023-09-17 21:45:09</subfield>
    <subfield code="w">2023-09-17</subfield>
    <subfield code="y">BK</subfield>
  </datafield>
  <datafield tag="952" ind1=" " ind2=" ">
    <subfield code="0">0</subfield>
    <subfield code="1">0</subfield>
    <subfield code="4">0</subfield>
    <subfield code="6">660_602458000000000_F262P</subfield>
    <subfield code="7">0</subfield>
    <subfield code="9">281779</subfield>
    <subfield code="a">MAIN</subfield>
    <subfield code="b">MAIN</subfield>
    <subfield code="c">UIET</subfield>
    <subfield code="d">2015-02-19</subfield>
    <subfield code="l">0</subfield>
    <subfield code="o">660.602458 F262P</subfield>
    <subfield code="p">339632</subfield>
    <subfield code="r">2023-09-17 21:45:09</subfield>
    <subfield code="w">2023-09-17</subfield>
    <subfield code="y">BK</subfield>
  </datafield>
  <datafield tag="952" ind1=" " ind2=" ">
    <subfield code="0">0</subfield>
    <subfield code="1">0</subfield>
    <subfield code="4">0</subfield>
    <subfield code="6">660_602458000000000_F262P</subfield>
    <subfield code="7">0</subfield>
    <subfield code="9">281780</subfield>
    <subfield code="a">MAIN</subfield>
    <subfield code="b">MAIN</subfield>
    <subfield code="c">UIET</subfield>
    <subfield code="d">2015-02-19</subfield>
    <subfield code="l">0</subfield>
    <subfield code="o">660.602458 F262P</subfield>
    <subfield code="p">339633</subfield>
    <subfield code="r">2023-09-17 21:45:09</subfield>
    <subfield code="w">2023-09-17</subfield>
    <subfield code="y">BK</subfield>
  </datafield>
  <datafield tag="952" ind1=" " ind2=" ">
    <subfield code="0">0</subfield>
    <subfield code="1">0</subfield>
    <subfield code="4">0</subfield>
    <subfield code="6">660_602458000000000_F262P</subfield>
    <subfield code="7">0</subfield>
    <subfield code="9">281781</subfield>
    <subfield code="a">MAIN</subfield>
    <subfield code="b">MAIN</subfield>
    <subfield code="c">UIET</subfield>
    <subfield code="d">2015-02-19</subfield>
    <subfield code="l">0</subfield>
    <subfield code="o">660.602458 F262P</subfield>
    <subfield code="p">339634</subfield>
    <subfield code="r">2023-09-17 21:45:09</subfield>
    <subfield code="w">2023-09-17</subfield>
    <subfield code="y">BK</subfield>
  </datafield>
  <datafield tag="952" ind1=" " ind2=" ">
    <subfield code="0">0</subfield>
    <subfield code="1">0</subfield>
    <subfield code="4">0</subfield>
    <subfield code="6">660_602458000000000_F262P</subfield>
    <subfield code="7">0</subfield>
    <subfield code="9">281782</subfield>
    <subfield code="a">MAIN</subfield>
    <subfield code="b">MAIN</subfield>
    <subfield code="c">UIET</subfield>
    <subfield code="d">2015-02-19</subfield>
    <subfield code="l">0</subfield>
    <subfield code="o">660.602458 F262P</subfield>
    <subfield code="p">339635</subfield>
    <subfield code="r">2023-09-17 21:45:09</subfield>
    <subfield code="w">2023-09-17</subfield>
    <subfield code="y">BK</subfield>
  </datafield>
  <datafield tag="952" ind1=" " ind2=" ">
    <subfield code="0">0</subfield>
    <subfield code="1">0</subfield>
    <subfield code="4">0</subfield>
    <subfield code="6">660_602458000000000_F262P</subfield>
    <subfield code="7">0</subfield>
    <subfield code="9">281783</subfield>
    <subfield code="a">MAIN</subfield>
    <subfield code="b">MAIN</subfield>
    <subfield code="c">UIET</subfield>
    <subfield code="d">2015-02-19</subfield>
    <subfield code="l">0</subfield>
    <subfield code="o">660.602458 F262P</subfield>
    <subfield code="p">339636</subfield>
    <subfield code="r">2023-09-17 21:45:09</subfield>
    <subfield code="w">2023-09-17</subfield>
    <subfield code="y">BK</subfield>
  </datafield>
  <datafield tag="999" ind1=" " ind2=" ">
    <subfield code="c">166300</subfield>
    <subfield code="d">166300</subfield>
  </datafield>
</record>
